| 000 | 00691nam a2200181 u 4500 | ||
|---|---|---|---|
| 001 | 000003047 | ||
| 005 | 20200929150321.0 | ||
| 008 | 090706s1984 dr a r 001 0 spa d | ||
| 040 |
_aDO-SdBNP _bspa _cBNPHU |
||
| 245 | 0 | 0 |
_aMetodología para realización de auditorías energéticas en plantas industriales / _cedición Belarminio Ventura. |
| 260 |
_aSanto Domingo : _bCOENER, _c1984. |
||
| 300 |
_a71 p. : _bil. ; _c27 cm. |
||
| 500 | _aIncluye índice | ||
| 500 | _aIncluye anexos | ||
| 500 | _aPrograma de conservación de energía en el sictor industrial | ||
| 700 | 1 |
_aVentura, Belarminio _eed. _99638 |
|
| 710 | 1 |
_aComisión Nacional de Política Energética,( República Dominicana) _99639 |
|
| 999 |
_c2878 _d2878 |
||